000 00795nam a22002057a 4500
003 DO-SdBNP
005 20220920102752.0
007 ta
008 210830b2006 a|||| |||| 00| 0 spa
040 _aDO-SdBNP
_bspa
_cBNPHU
082 _222
_bR426r
110 0 1 _aRepública Dominicana.
_bSecretaría de Estado de Obras Públicas y Comunicaciones .Dirección General de Reglamentos y Sistemas
_979633
245 0 1 _aRequerimientos de aplicación del reglamento general de edificaciones y tramitación de planos :
_bR-021 Decreto No.576-06
260 _aSanto Domingo :
_bSecretaría de Estado de Obras Públicas y Comunicaciones,
_c2006.
300 _a49 p. ;
_b
_c27 cm.
505 _aArt. 8 .- Formato del Reglamento
590 _aInventariado, 2022 / DG
910 _aDG
942 _2ddc
_cLF2
999 _c52422
_d52422